| 000 | 00562nam a2200205 a 4500 | ||
|---|---|---|---|
| 005 | 20250605063848.0 | ||
| 008 | 991125s1978 mx 000 0 spa u | ||
| 020 | _a9681602196 | ||
| 035 | _aUPN01000050423 | ||
| 049 | _aCG | ||
| 050 | 4 |
_aB333 _bM3.7 |
|
| 100 | 1 |
_aMargain Charles, Hugo, _d1942-1978 |
|
| 245 | 1 | 0 |
_aRacionalidad, lenguaje y filosofía / _cHugo Margain Charles. |
| 260 |
_aMéxico : _bFCE, _c1978. |
||
| 300 | _a154 p. | ||
| 440 | 0 | _aObras de filosofía | |
| 650 | 4 |
_aFilosofía _95327 |
|
| 650 | 4 |
_aFilosofía moderna _98266 |
|
| 905 | _aLibro | ||
| 999 |
_c50423 _d50423 |
||